Normal view
MARC view
- Nonlinear systems.
Entry Topical Term
001 - CONTROL NUMBER
- control field: 10966
003 - CONTROL NUMBER IDENTIFIER
- control field: NUST
005 - DATE AND TIME OF LATEST TRANSACTION
- control field: 20180605050323.0
008 - FIXED-LENGTH DATA ELEMENTS
- fixed length control field: 180605|| aca||aabn | a|a d
040 ## - CATALOGING SOURCE
- Original cataloging agency: NUST
- Transcribing agency: NUST
150 ## - HEADING--TOPICAL TERM
- Topical term or geographic name entry element: Nonlinear systems.
670 ## - SOURCE DATA FOUND
- Source citation: Work cat.: (NUST)0: Lakshmanan, M. (Muthusamy) 10964, Dynamics of nonlinear time-delay systems /, 2010.
